Studia nad kwestią włościańską w latach 1846-1864 ze szczególnym uwzględnieniem literatury politycznej = (Rekord nr 27761)
| 000 -Nagłówek | |
|---|---|
| fixed length control field | 02192cam a2200481 i 4500 |
| 001 - Nr kontrolny bibl., która utworzyła rek. | |
| control field | zz2005822934 |
| 003 - Siglum bibl., której nr kontr. jest w 001 | |
| control field | NUKAT |
| 005 - Data i czas ostatniej operacji | |
| control field | 20260425103049.0 |
| 008 - Elementy pola stałej długości | |
| fixed length control field | 050217s1938 un |001 0 pol c |
| 035 ## - Systemowy numer kontrolny | |
| systemowy numer kontrolny | (OCoLC)838028603 |
| 035 ## - Systemowy numer kontrolny | |
| systemowy numer kontrolny | (NUKAT)zz2005822934 |
| 040 ## - Instytucja sporządzająca opis | |
| Instytucja, która sporządziła opis | GD U/AJ |
| Instytucja, która sporządziła rekord | GD U/AJ |
| Instytucja, która zmodyfikowała rekord | GD U/AJ |
| -- | GD U/KMs |
| -- | WA U/DUNASA |
| -- | KR U/mal |
| 041 0# - Kod nazwy języka dokumentu | |
| Język tekstu | pol |
| Język streszczeń | fre |
| 044 ## - Kod kraju wydawcy lub producenta | |
| Kod kraju wydania | un |
| -- | pl |
| 100 1# - Hasło główne-nazwa osobowa | |
| Nazwa osobowa | Kostołowski, Erazm |
| Daty biograficzne | (1912-1940). |
| 9 (RLIN) | 40515 |
| 245 10 - Tytuł właściwy i oznaczenie odpow. | |
| tytuł | Studia nad kwestią włościańską w latach 1846-1864 ze szczególnym uwzględnieniem literatury politycznej = |
| dodatek do tytułu | Études sur la question paysanne (1846-1864) en considération particulière de la littérature politique / |
| dod. inf. ze s. tyt./ozn. odpow. | Erazm Kostołowski. |
| 246 31 - Inne formy tytułu, wariant tytułu | |
| tytuł | Études sur la question paysanne (1846-1864) en considération particulière de la littérature politique |
| 260 ## - Adres wydawniczy | |
| miejsce wydania, dystrybucji itp. | Lwów ; |
| -- | Warszawa : |
| nazwa wydawcy, dystrybutora itp. | Skład główny: Kasa im. Rektora J. Mianowskiego - Instytut Popierania Polskiej Twórczości Naukowej, |
| data wydania, dystrybucji itp. | 1938. |
| 300 ## - Opis fizyczny | |
| objętość i/lub forma materiału | XI, [1], 407 s. : |
| inne szczegóły opisu fizycznego | err. ; |
| format | 24 cm. |
| 336 ## - Content Type | |
| Term | Tekst |
| Code | txt |
| Source | rdacontent |
| 337 ## - Media Type | |
| Term | Bez urządzenia pośredniczącego |
| Code | n |
| Source | rdamedia |
| 338 ## - Carrier Type | |
| Term | Wolumin |
| Code | nc |
| Source | rdacarrier |
| 380 ## - Form of work | |
| Form of work | Książki |
| 490 1# - Tytuł serii i ks. wielotom.-nie do wysz. | |
| oznaczenie serii | Badania z Dziejów Społecznych i Gospodarczych ; |
| numer woluminu | nr 33 |
| 504 ## - Uwaga o bibliografii | |
| uwaga o bibliografii | Bibliogr. s. 1-9. Indeks. |
| 536 ## - Uwaga o finansowaniu dokumentu | |
| tekst uwagi | Z zasiłku zwrotnego Ministerstwa Wyznań Religijnych i Oświecenia Publicznego |
| 546 ## - Uwaga o języku opisywanego materiału | |
| uwaga o języku | Streszcz. fr. |
| 648 #7 - SUBJECT ADDED ENTRY--CHRONOLOGICAL TERM | |
| Chronological term | 1801-1900 |
| Source of heading or term | DBN |
| 9 (RLIN) | 36037 |
| 650 #7 - Hasło przedmiotowe-nazwa pospolita | |
| nazwa pospolita lub geogr. | Chłopi |
| źródło hasła | DBN |
| 9 (RLIN) | 36401 |
| 650 #7 - Hasło przedmiotowe-nazwa pospolita | |
| nazwa pospolita lub geogr. | Uwłaszczenie chłopów |
| źródło hasła | DBN |
| 9 (RLIN) | 40513 |
| 650 #7 - Hasło przedmiotowe-nazwa pospolita | |
| nazwa pospolita lub geogr. | Chłopi |
| określnik geograficzny | Polska |
| określnik rzeczowy | sytuacja gospodarcza |
| określnik chronologiczny | 19 w. |
| źródło hasła | kaba |
| 9 (RLIN) | 40512 |
| 650 #7 - Hasło przedmiotowe-nazwa pospolita | |
| nazwa pospolita lub geogr. | Chłopi |
| określnik geograficzny | Polska |
| określnik rzeczowy | sytuacja społeczna |
| określnik chronologiczny | 19 w. |
| źródło hasła | kaba |
| 9 (RLIN) | 40511 |
| 651 #7 - Hasło przedmiotowe-nazwa geogr. | |
| nazwa geograficzna | Galicja (kraina historyczna) |
| źródło hasła | DBN |
| 9 (RLIN) | 35236 |
| 651 #7 - Hasło przedmiotowe-nazwa geogr. | |
| nazwa geograficzna | Polska |
| źródło hasła | DBN |
| 9 (RLIN) | 35076 |
| 651 #7 - Hasło przedmiotowe-nazwa geogr. | |
| nazwa geograficzna | Zabór pruski |
| źródło hasła | DBN |
| 9 (RLIN) | 35237 |
| 651 #7 - Hasło przedmiotowe-nazwa geogr. | |
| nazwa geograficzna | Zabór rosyjski |
| źródło hasła | DBN |
| 9 (RLIN) | 35238 |
| 658 ## - Nazwa określająca cel programu nauczania | |
| główny cel programu nauczania | Historia |
| 658 ## - Nazwa określająca cel programu nauczania | |
| główny cel programu nauczania | Polityka, politologia, administracja publiczna |
| 658 ## - Nazwa określająca cel programu nauczania | |
| główny cel programu nauczania | Socjologia i społeczeństwo |
| 710 2# - Hasło dodatkowe - nazwa ciała zbior. | |
| nazwa ciała zbior. lub nazwa geogr. | Kasa im. Mianowskiego - Instytut Popierania Nauki. |
| kod rodzaju współpracy | pbl |
| 9 (RLIN) | 580 |
| 830 #0 - Hasło dod. serii i op. ks. wielotom. -tyt | |
| tytuł | Badania z Dziejów Społecznych i Gospodarczych |
| nukat | 0067-2793 |
| oznaczenie tomu | nr 33 |
| 9 (RLIN) | 1645 |
| 942 ## - ADDED ENTRY ELEMENTS (KOHA) | |
| Source of classification or shelving scheme | Dewey Decimal Classification |
| Koha item type | pozycje dostępne na miejscu |
| Status wycofania | Status zagubienia | Klasyfikacja | Status uszkodzenia | Blokada wypożyczeń | Kolekcja | Lokalizacja macierzysta | Lokalizacja bieżąca | Data nabycia | Numer akcesji | Źródło akcesji | Nr inwentarzowy | il. wypożyczeń | Sygnatura | Kod kreskowy | Date last seen | Price effective from | Typ egz. |
|---|---|---|---|---|---|---|---|---|---|---|---|---|---|---|---|---|---|
| Dewey Decimal Classification | nieuszkodzona | Pracownia Badań Księgozbiorów Historycznych | Biblioteka Instytutu Północnego w Olsztynie | Pracownia Badań Księgozbiorów Historycznych | 25/04/2026 | K-69/1965 | kupno | 16415 | 16415 | IPWK16680 | 25/04/2026 | 25/04/2026 | pozycje dostępne na miejscu |